000 00459nam a2200193Ia 4500
005 20240823054151.0
008 240823s9999||||xx |||||||||||||| ||und||
020 _a81-7409-032-0
041 _aENGLISH
082 _A624.151 Q2
100 _aGarg S K
245 0 _aPhysical and Engineering Geology
250 _a7th
260 _c2012
_b"Khanna Publishders,"
_aNew Delhi
500 _aYES
650 _aGeology
_bCivil
942 _cBK
999 _c225831
_d225831